| 000 | 00494nam a2200193 a 4500 | ||
|---|---|---|---|
| 001 | 1766807344662 | ||
| 003 | YourLibrary | ||
| 005 | 20251229124542.0 | ||
| 008 | 251227s2011##################000#0#eng## | ||
| 020 | _a9781848851627 | ||
| 082 | 0 | 4 |
_a291 _bDAW |
| 100 | 1 |
_aDawson, Andrew, _eauthor. |
|
| 245 | 1 | 0 | _aSummoning the Spirits : |
| 260 |
_bI.B. Tauris, _c2011. |
||
| 300 | _a244 pages | ||
| 650 | 0 | _aBody, Mind & Spirit. | |
| 942 | _cENGLISH | ||
| 040 |
_aYourLibrary _beng _cYourLibrary |
||
| 999 |
_c605863 _d605863 |
||